00951nam a2200265 i 4500003000900000005001700009008004100026040004300067041000800110082002000118100003000138245007900168264007400247300002400321336002400345337002800369338004300397490006200440546002400502650002400526650003600550651001000586700003200596856005700628EG-GICUC20260320211903.0260320s1954 fr ||||fr|||| 00| 0 fre d aEG-GiCUCbfrecEG-GiCUCdEG-GiCUCeRda afre04221a341.6bGU.R1 aGuillon , AndréeAuteur aLa Réparation Des Dommages De La Guerre Clandestine /cAndré Guillon . aParis :bLibrairie Générale De Droit Et De Jurisprudence ,c1954. a189 page ;c 24 cm. 2rda contenua texte 2rda mediasaOrdinateur 2 transporteur rdaa Ressource en ligne aCollection D'études Sur Le Droit Des AssurancesvVol.36 aTexte en français1 aDroit de la guerre 1 aDroit international humanitaire1 2qrmak1 aMAURICE PICARDePréfacier40uhttps://fll.law.cu.edu.eg/fulltext/bks/B11-08654.pdf